Elementary materials science / (رقم التسجيلة. 35007)

تفاصيل مارك
000 -الفاتح
حقل البيانات ثابتة الطول 00753cam a22002417i 4500
001 - رقم الضبط
رقم الضبط 17604735
003 - محدد رقم الضبط
رقم الضبط OSt
005 - وقت وتاريخ اخر تعامل مع التسجيلة
رقم الضبط 20150408114217.0
008 - عناصر البيانات ثابتة الطول - معلومات عامة
حقل البيانات ثابتة الطول 130128s2013 ohua g b 001 0 eng d
020 ## - الرقم الدولى المعيارى للكتب
الرقم الدولى المعيارى للكتاب 1627080023
020 ## - الرقم الدولى المعيارى للكتب
الرقم الدولى المعيارى للكتاب 9781627080026
040 ## - مصدر الفهرسة
وكالة الفهرسة الأصلية Ma-Un
082 00 - رقم تصنيف ديوى العشرى
رقم الطبعة 22
رقم التصنيف 620.11
رقم المادة HWE
100 1# - المدخل الرئيسى - إسم شخصى
الإسم الشخصى Hosford, William F.
9 (RLIN) 12242
245 10 - بيان العنوان
العنوان Elementary materials science /
بيان المسئوليه,etc William F. Hosford.
260 ## - PUBLICATION, DISTRIBUTION, ETC. (IMPRINT)
مكان الناشر او الموزع Materials Park, Ohio :
اسم الناشر او الموزع ASM International,
تاريخ النشر أو التوزيع 2013
300 ## - الوصف المادى
التعداد vi, 180 p. :
تفاصيل ماديه اخرى للوعاء ill. ;
أبعاد الوعاء 26 cm.
504 ## - تبصرة ببليوجرافية
تبصرة ببليوجرافية,الخ Includes bibliographical references and index.
650 ## - المدخل الاضافى بالموضوع-مصطلح موضوعى
مصطلح موضوعي أو اسم جغرافي كعنصر مدخل Materials science
التقسيم الفرعي الشكلي Textbooks
9 (RLIN) 44952
942 ## - عناصر المدخل الإضافي( كوها)
مصدر التصنيف او مخطط الترفيف Dewey Decimal Classification
Koha [default] item type كتاب
المقتنيات
حالة الفقد نموذج السعر الفعال حالة تلف ليس للاعارة رقم الطلب رقم النسخة تاريخ الاكتساب مصدر التزويد الموقع الحالي الباركود الفرع الرئيسي Date last seen نوع المادة فى نظام كوها مصدر التصنيف او خطة الترفيف Total Checkouts
  2014-05-14   Not For Loan 620.11 HWE 1 2014-05-14 دار العرب المكتبة المركزية بالمجمعة (CL) 00210856 المكتبة المركزية بالمجمعة (CL) 2014-05-14 كتاب Dewey Decimal Classification  
  2014-05-14     620.11 HWE 2 2014-05-14 دار العرب المكتبة المركزية بالمجمعة (CL) 00210857 المكتبة المركزية بالمجمعة (CL) 2014-05-14 كتاب Dewey Decimal Classification  
  2014-05-14     620.11 HWE 3 2014-05-14 دار العرب المكتبة المركزية بالمجمعة (CL) 00210855 المكتبة المركزية بالمجمعة (CL) 2014-05-14 كتاب Dewey Decimal Classification